Tecnología y educación tecnológica /
Guardado en:
| Autor Principal: | |
|---|---|
| Otros Autores: | , |
| Formato: | Libro |
| Publicado: |
Buenos Aires :
Kapelusz,
1998
|
| Materias: | |
| Etiquetas: |
Agregar Etiqueta
Sin Etiquetas, Sea el primero en etiquetar este registro!
|
| LEADER | 01067nam a22002415a 4500 | ||
|---|---|---|---|
| 001 | CEM.cems009880 | ||
| 005 | 20190830135148.0 | ||
| 008 | 130507s1998##################000#0#####d | ||
| 003 | CEMS | ||
| 020 | |a 9501308316 | ||
| 082 | 0 | 4 | |a 371.41 |
| 100 | 1 | |a Perez, Luis G. | |
| 245 | 1 | 0 | |a Tecnología y educación tecnológica / |c Luis G. Perez, Marcos G. Berlatzky, Mario E. Cwi |
| 260 | |a Buenos Aires : |b Kapelusz, |c 1998 | ||
| 300 | |a 204 p. | ||
| 500 | |a Red Federal de Formación Docente Continua | ||
| 505 | 0 | |a La tecnología y las técnicas. Características y relaciones -- Los chicos y la tecnología -- El diseño y la tecnología -- El diseño en el aula -- El análisis y la tecnología -- El análisis en el aula -- Los materiales y sus técnicas -- Los sistemas mecánicos -- La tecnología eléctrica -- Las tecnologías en el aula | |
| 653 | |a Educación | ||
| 653 | |a Educación y tecnología | ||
| 653 | |a Tecnología y educación | ||
| 700 | 1 | |a Berlatzky, Marcos G. | |
| 700 | 1 | |a Cwi, Mario E. | |
| 859 | |a CEMS |b BIB. CEMS - 11 de abril |h 371.41 |i P415 |p 20184.99 |t Ej.1 | ||
